Normal view
MARC view
- Gálvez Ruiz, Xóchitl
Entry Nombre Personal
001 - NUMERO DE CONTROL
- campo de control: 50113
003 - IDENTIFICADOR DE NUMERO DE CONTROL
- campo de control: DLC
005 - FECHA Y HORA DE LA ÜLTIMA TRANSACCIÓN
- campo de control: 20230929164634.0
008 - DATOS DE LONGITUD FIJA
- campo de control de longitud fija: 101118n| acannaabn || aaa c
010 ## - NÚMERO DE CONTROL DE LA BIBLIOTECA DEL CONGRESO
- Número de control LC: no2010188446
035 ## - NUMERO DE CONTROL
- Número de control: (OCoLC)oca08691194
040 ## - FUENTE DE CATALOGACIÓN
- Agencia original de catalogación: MX-MxBN
- Lenguaje de catalogación: spa
- Agencia de transcripción: MX-MxBN
- Agencia que lo modifica: MX-MxUPN
100 1# - ENCABEZAMIENTO - NOMBRE PERSONAL
- Nombre personal: Gálvez Ruiz, Xóchitl
670 ## - FUENTE EN LA QUE SE LOCALIZARON DATOS
- Cita de la fuente: ¿Y tú cómo te llamas? : las voces de los pueblos indígenas para nombrar a la gente, 2006:
- Información localizada: portada (Xóchitl Gálvez Ruiz)
902 ## - CATALOGADOR
- Catalogador: Víctor Ruiz/290923
